Central Library OPAC University of Rajshahi

যশোর জেলায় ইসলাম / (Record no. 46911)

MARC details
000 -LEADER
fixed length control field 00853nam a22002297a 4500
001 - CONTROL NUMBER
control field 46911
003 - CONTROL NUMBER IDENTIFIER
rucl marc code BD-RjUL
005 - DATE AND TIME OF LATEST TRANSACTION
control field 20211209054229.0
008 - FIXED-LENGTH DATA ELEMENTS--GENERAL INFORMATION
fixed length control field 160806s1991 bg ||||| |||| 00| 0 ben d
020 ## - INTERNATIONAL STANDARD BOOK NUMBER
International Standard Book Number 9840600280
Terms of availability : TK 40.00
035 ## - SYSTEM CONTROL NUMBER
System control number (BD-RjUL)47030
040 ## - CATALOGING SOURCE
Original cataloging agency BD-RjUL
Language of cataloging ben
Transcribing agency BD-RjUL
041 ## - LANGUAGE CODE
Language code of text/sound track or separate title ben
082 ## - DEWEY DECIMAL CLASSIFICATION NUMBER
Edition number 23
Classification number 297.95492
Author mark and year TAZ 1991
100 ## - MAIN ENTRY--PERSONAL NAME
Personal name তালিব, মুহাম্মদ আবূ
9 (RLIN) 142914
245 10 - TITLE STATEMENT
Title যশোর জেলায় ইসলাম /
Statement of responsibility, etc. মুহাম্মদ আবূ তালিব
260 ## - PUBLICATION, DISTRIBUTION, ETC. (IMPRINT)
Place of publication, distribution, etc. ঢাকা :
Name of publisher, distributor, etc. ইসলামিক ফাউন্ডেশন,
Date of publication, distribution, etc. ১৯৯১
300 ## - PHYSICAL DESCRIPTION
Pagination [১০], ১৪১ পৃ. ;
Size ২১ সেমি.
650 ## - SUBJECT ADDED ENTRY--TOPICAL TERM
Topical term or geographic name as entry element ইসলাম
Geographic subdivision বাংলাদেশ
9 (RLIN) 119382
Topical term or geographic name as entry element Islam
Geographic subdivision Bangladesh
9 (RLIN) 118404
942 ## - ADDED ENTRY ELEMENTS (KOHA)
Source of classification or shelving scheme Dewey Decimal Classification
Koha item type Books
Holdings
Lost status Source of classification or shelving scheme Damaged status Not for loan Collection code Permanent Location Current Location Shelving location Date acquired Source of acquisition Cost, normal purchase price Total Checkouts Full call number Date last seen Copy number Koha item type
  Dewey Decimal Classification     Non-fiction Central Library, University of Rajshahi Central Library, University of Rajshahi   17/01/1993 Abu Talib 40.00   B 297.95492 TAZ 1991 06/08/2016 C-2 Books
  Dewey Decimal Classification     Non-fiction Central Library, University of Rajshahi Central Library, University of Rajshahi   17/01/1993 Abu Talib 40.00   B 297.95492 TAZ 1991 06/08/2016 C-3 Books
  Dewey Decimal Classification     Non-fiction Central Library, University of Rajshahi Central Library, University of Rajshahi   17/01/1993 Abu Talib 40.00   B 297.95492 TAZ 1991 06/08/2016 C-4 Books
  Dewey Decimal Classification     Non-fiction Central Library, University of Rajshahi Central Library, University of Rajshahi   17/01/1993 Abu Talib 40.00   B 297.95492 TAZ 1991 06/08/2016 C-5 Books
  Dewey Decimal Classification     Non-fiction Central Library, University of Rajshahi Central Library, University of Rajshahi   17/01/1993 Abu Talib 40.00   B 297.95492 TAZ 1991 06/08/2016 C-6 Books
  Dewey Decimal Classification     Non-fiction Central Library, University of Rajshahi Central Library, University of Rajshahi   17/01/1993 Abu Talib 40.00   B 297.95492 TAZ 1991 06/08/2016 C-7 Books
  Dewey Decimal Classification     Non-fiction Central Library, University of Rajshahi Central Library, University of Rajshahi   17/01/1993 Abu Talib 40.00   B 297.95492 TAZ 1991 06/08/2016 C-8 Books
  Dewey Decimal Classification   Not For Loan Non-fiction Central Library, University of Rajshahi Central Library, University of Rajshahi Reading Room 17/01/1993 Abu Talib 40.00   B 297.95492 TAZ 1991 17/01/2017 C-1 Books